000 00356cam a2200145ua 4500
041 _aeng
_h
082 _a824
_bTOL/RE
100 _aTolstoy, Leo .
245 _aRecollections & Essays /
_cLeo Tolstoy.
_hTextual Documents
260 _aLondon :
_bOxford University Press ,
_c1965.
300 _a503 ; .
504 _a
942 _cBK
999 _c783
_d783